000 00625nam a22001937a 4500
999 _c170408
_d170408
005 20191213173236.0
010 _aA-420196
020 _c18.00
_a-
035 _aA-420196
037 _bBPPD
082 _a270.58
100 _aتنز يل ا لر حمن
245 _aجر م و سز ا کا ا سلا می فلسفہ
_cتنز يل ا لر حمن
246 _aJurm-o-Saza Ka Islami Falsafa (Urdu)
_bby Tanzeel Ur Rehman
260 _aDelhi
_c1988 ء
_bDarul Quraan
270 _a1397-Pahari Imli,Jama Masjid
_bDelhi
_k-
_e110006
300 _a159 ص
_c22 cm(hb)
942 _2ddc
_cUR
_h270.58
_mت ن ز